000 00449nam a2200181Ia 4500
008 240925s9999 xx 000 0 und d
020 _a9693520556
082 _a891.4393 QAS
100 _aQasmi, Ahmed Nadeem
245 0 _aKoh-i-Payma
250 _aNA
260 _aLahore:
_bSang-e-Meel
_c,2007.
300 _avi, 81p.
_b0
_fOriginal
500 _aInclude CIP
600 _aHumanities & Natural Science
650 _aLiterature
942 _cBK
999 _c14364
_d14364